Utilization of Methods and Their Final Elements in the Automative

Často používané metódy založené na CAD a FEM analýze. Implementácia metód v automobilovom priemysle, výskume a výrobe.

Na minha lista:
Detalhes bibliográficos
Autor principal: Hajduová, Zuzana, 1974-
Outros Autores: Piľa, Ján, Hodolič, Janko, Andrejkovič, Marek
Formato: Capítulo de Livro
Idioma:inglês
Assuntos:
Tags: Adicionar Tag
Sem tags, seja o primeiro a adicionar uma tag!

MARC

LEADER 00000naa a2200000 4500
001 0159441
005 20240502083352.2
041 0 |a eng 
044 |a RS 
245 1 0 |a Utilization of Methods and Their Final Elements in the Automative  |c Zuzana Hajduová, Ján Piľa, Ján Hodolič, Marek Andrejkovič 
520 |a Často používané metódy založené na CAD a FEM analýze. Implementácia metód v automobilovom priemysle, výskume a výrobe. 
610 2 0 |a priemysel automobilový 
610 2 0 |a CAD 
610 2 0 |a metódy 
610 2 0 |a výskum 
610 2 0 |a výroba 
100 1 |a Hajduová, Zuzana, 1974- 
700 1 |a Piľa, Ján 
700 1 |a Hodolič, Janko 
700 1 |a Andrejkovič, Marek